| 000 | 00000nam##2200000za#4500 |
| 001 | 9.581242 |
| 003 | CaOODSP |
| 005 | 20210624191426 |
| 007 | cr ||||||||||| |
| 008 | 150406|2014||||xxc|||||o f|0| 0 eng|d |
| 020 | |a978-1-100-25416-6 |
| 022 | |a1488-5379 |
| 040 | |aCaOODSP|beng |
| 043 | |an-cn--- |
| 086 | 1 |aFs97-6/3113E-PDF |
| 110 | 1 |aCanada. |bDepartment of Fisheries and Oceans. |
| 245 | 10|aEelgrass (Zostera marina) locations in Newfoundland and Labrador / |h[electronic resource]|cby Anuradha S. Rao, Robert S. Gregory, Grant Murray, Danny W. Ings, Elizabeth J. Coughlan and Brianna H. Newton. |
| 260 | |aSt. John's - Newfoundland and Labrador : |bFisheries and Oceans Canada |c2014. |
| 300 | |a27p.|bmap, references, tables |
| 490 | 1 |aCanadian technical report of fisheries and aquatic sciences|x1488-5379|v3113 |
| 546 | |a(Résumé en français) |
| 590 | |a15-13|b2015-03-27 |
| 830 | #0|aCanadian technical report of fisheries and aquatic sciences,|x1488-5379|v3113|w(CaOODSP)9.504449 |
| 856 | 40|ahttp://publications.gc.ca|qPDF|s832 KB|uhttps://publications.gc.ca/collections/collection_2015/mpo-dfo/Fs97-6-3113-eng.pdf|y3113 |